Normal view
MARC view
- U. S. Army Engg School
Entry Personal Name
001 - CONTROL NUMBER
- control field: 46432
003 - CONTROL NUMBER IDENTIFIER
- control field: NUST
005 - DATE AND TIME OF LATEST TRANSACTION
- control field: 20210314133525.0
008 - FIXED-LENGTH DATA ELEMENTS
- fixed length control field: 210314|| aca||aabn | a|a d
040 ## - CATALOGING SOURCE
- Original cataloging agency: NUST
- Transcribing agency: NUST
100 ## - HEADING--PERSONAL NAME
- Personal name: U. S. Army Engg School
670 ## - SOURCE DATA FOUND
- Source citation: Work cat.: (NUST): U. S. Army Engg School, Programmed Instruction Text Aerial Photography
